Regional report (Record no. 81543)

MARC details
000 -LEADER
fixed length control field 00662cab a22001935a 4500
001 - CONTROL NUMBER
control field L147451
008 - FIXED-LENGTH DATA ELEMENTS--GENERAL INFORMATION
fixed length control field 090512e20090508xxko f 000 0 eng d
035 ## - SYSTEM CONTROL NUMBER
System control number (Sirsi) u147451
041 0# - LANGUAGE CODE
Language code of text/sound track or separate title eng
100 1# - MAIN ENTRY--PERSONAL NAME
Personal name Eade, Christine
245 00 - TITLE STATEMENT
Title Regional report
Remainder of title East Anglia
260 ## - PUBLICATION, DISTRIBUTION, ETC.
Date of publication, distribution, etc. 2009
490 #0 - SERIES STATEMENT
Series statement Property Week
Volume/sequential designation 75(19) 8 May 2009, 63-69(4)
520 ## - SUMMARY, ETC.
Summary, etc. Covers the Norwich office market about to be reinvigorated by several schemes and the industrial market in Kings Lynn, where a vast paper mill is set to open this summer.
590 ## - LOCAL NOTE (RLIN)
Local note KA
651 #4 - SUBJECT ADDED ENTRY--GEOGRAPHIC NAME
Geographic name East Anglia
690 ## - LOCAL SUBJECT ADDED ENTRY--TOPICAL TERM (OCLC, RLIN)
Topical term or geographic name as entry element PROPERTY-COMMERCIAL PROPERTY-COMMERCIAL PROPERTY MARKET
942 ## - ADDED ENTRY ELEMENTS (KOHA)
Suppress in OPAC 0
Holdings
Withdrawn status Lost status Source of classification or shelving scheme Damaged status Not for loan Home library Current library Shelving location Date acquired Total Checkouts Full call number Barcode Date last seen Copy number Price effective from Koha item type
    Dewey Decimal Classification     London London Journal article 13/05/2009   L147451 147451-1001 06/08/2019 1 06/08/2019 Journal article